| 000 | 01512cam0 2200361 ib4500 | ||
|---|---|---|---|
| 001 | BY-MA0000-br85331322 | ||
| 005 | 20251028160010.0 | ||
| 010 |
^a978-5-00198-051-3 ^bв переплете |
||
| 100 | ^a20250114d2025 d y0rusy50 ca | ||
| 101 | 1 |
^arus ^cger |
|
| 102 | ^aRU | ||
| 105 | ^aa z 000ay | ||
| 109 | ^ama | ||
| 200 | 1 |
^aБешеная река ^e[для среднего школьного возраста] ^fРодман Филбрик ^gперевод с английского Г. Эрли ^gхудожник В. Кривенко |
|
| 210 |
^aМосква ^cЭНАС-КНИГА ^d2025 |
||
| 215 |
^a206, [1] с. ^cил. ^d22 см |
||
| 225 | 1 | ^aСверстники | |
| 333 | ^a12+ | ||
| 606 |
^aАМЕРИКАНСКАЯ ЛИТЕРАТУРА ^3BY-NLB-ar2286 ^2DVNLB |
||
| 608 |
^aПОВЕСТЬ ^3BY-NLB-ar23936 ^2BYGNR |
||
| 608 |
^aДЕТСКАЯ И ЮНОШЕСКАЯ ЛИТЕРАТУРА (художеств. произведение) ^3BY-NLB-ar9019 ^2BYGNR |
||
| 686 |
^a84(7Сое)-4 ^2rubbk |
||
| 690 |
^a1 ^2Base ^9BY-MI0000 ^xRSEK |
||
| 700 | 1 |
^aФилбрик ^bР. |
|
| 702 | 1 |
^aЭрли ^bГ. И. ^gГалина Игоревна ^cпереводчица ^3BY-PLRB-ar14402289 ^4730 |
|
| 702 | 1 |
^aКривенко ^bВ. ^3BY-SEK-219241 ^4040 |
|
| 801 | 0 |
^aBY ^bBY-MA0000 ^c20250114 ^gRCR |
|
| 801 | 2 |
^aBY ^bBY-MI0000 ^c20251017 ^gRCR |
|
| 035 | ^a(BY-MI0000)BY-MA0000-br85331322 | ||
| 899 | 0 |
^aBY-MI0000 ^iФ51 ^h84(7Сое) |
|